<?xml version="1.0" encoding="UTF-8"?>
<collection xmlns="http://www.loc.gov/MARC21/slim">
 <record>
  <leader>01269nam a2200181Ia 4500</leader>
  <controlfield tag="001">CTU_18583</controlfield>
  <controlfield tag="008">210402s9999    xx            000 0 und d</controlfield>
  <datafield tag="082" ind1=" " ind2=" ">
   <subfield code="a">759.046092</subfield>
  </datafield>
  <datafield tag="082" ind1=" " ind2=" ">
   <subfield code="b">R813/Vol.1</subfield>
  </datafield>
  <datafield tag="100" ind1=" " ind2=" ">
   <subfield code="a">Rembrandt, Harmenszoon van Rijn</subfield>
  </datafield>
  <datafield tag="245" ind1=" " ind2="0">
   <subfield code="a">Drawings of Rembrandt (Vol.1)</subfield>
  </datafield>
  <datafield tag="245" ind1=" " ind2="0">
   <subfield code="c">Harmenszoon van Rijn Rembrandt (1606-1669)</subfield>
  </datafield>
  <datafield tag="260" ind1=" " ind2=" ">
   <subfield code="a">New York</subfield>
  </datafield>
  <datafield tag="260" ind1=" " ind2=" ">
   <subfield code="b">Dover</subfield>
  </datafield>
  <datafield tag="520" ind1=" " ind2=" ">
   <subfield code="a">The book gives an excellent idea of Rembrandt's unmatched range, depth, and human sympathy. It includes self-portraits and portraits; sketches of the humdrum activities on Amsterdam's busy streets; beggars and quacks, children at play, women gossiping, or people merely watching the paasing scene; studies of Jewish types and Orientals; drawings of nudes, birds, domestic animals and captive wild beasts; copies of famous works and art, rare medals and exotic Moghul miniatures; views of towns and architectural monuments; studies of the landscape around Amsterdam and of the spacious Dutch countryside; drawings of episodes from classical mythology, ancient history, and, above all, the Bible</subfield>
  </datafield>
  <datafield tag="650" ind1=" " ind2=" ">
   <subfield code="a">painting, baroque,painting, dutch,rembrandt harmenszoon van rijn, 1606-1669</subfield>
  </datafield>
  <datafield tag="904" ind1=" " ind2=" ">
   <subfield code="i">Minh, 970920</subfield>
  </datafield>
  <datafield tag="980" ind1=" " ind2=" ">
   <subfield code="a">Trung tâm Học liệu Trường Đại học Cần Thơ</subfield>
  </datafield>
 </record>
</collection>
